000 00413nam a22001577a 4500
999 _c9242
_d9242
003 OSt
008 201119b ||||| |||| 00| 0 eng d
020 _a9789380896014
100 _aJain, M.L and Sikka ,I.S.
245 _aCalculus (Differential and Integral Sem-I B.A./B.Sc.-I)
250 _a19th Ed
260 _aDelhi
_bJeevansons
_c2020
300 _aMics
650 _aB.Sc. Non Medical
942 _2ddc
_cBK
_03